000 00895nam a2200253 4500
999 _c10855
_d10855
001 10855
003 BD-JhCC
005 20190623090306.0
008 190522b20192011bd ||||| a||| 00| 0 bd d
020 _a9847009601255
035 _a(BD-JhCC)10855
040 _aBD-JhCC
_dBD-JhCC
041 _aeng
082 _a510
_bIQB 2019
099 _aNEU 2019
100 _aইকবাল, মুহাম্মদ জাফর
245 _aনিউরনের অনুরণন /
_cমুহাম্ম জাফর ইকবাল এবং মোহাম্মদ কায়কোবাদ
260 _aঢাকা, বাংলাদেশ:
_bতাম্রলিপি,
_c2019.
300 _a120 p.
_bIncluded
_c21 cm.
650 _aMathematics
700 _aকায়কোবাদ, মোহাম্মদ
942 _2ddc
_cBK